<?xml version="1.0" encoding="UTF-8"?>
<record
    xmlns:xsi="http://www.w3.org/2001/XMLSchema-instance"
    xsi:schemaLocation="http://www.loc.gov/MARC21/slim http://www.loc.gov/standards/marcxml/schema/MARC21slim.xsd"
    xmlns="http://www.loc.gov/MARC21/slim">

  <leader>00657nam a22001577a 4500</leader>
  <controlfield tag="003">OSt</controlfield>
  <controlfield tag="005">20151021101839.0</controlfield>
  <controlfield tag="008">151021b        xxu||||| |||| 00| 0 eng d</controlfield>
  <datafield tag="040" ind1=" " ind2=" ">
    <subfield code="c">RUA </subfield>
  </datafield>
  <datafield tag="082" ind1=" " ind2=" ">
    <subfield code="a">AVM LON 2010 B095 Or.1</subfield>
  </datafield>
  <datafield tag="100" ind1=" " ind2=" ">
    <subfield code="9">2594</subfield>
    <subfield code="a">LONG PISETH </subfield>
  </datafield>
  <datafield tag="245" ind1=" " ind2=" ">
    <subfield code="a">Study on gastro-intestinal parasites in cattle in kandalstueng district, kandal province, (&#x1780;&#x17B6;&#x179A;&#x179F;&#x17B7;&#x1780;&#x17D2;&#x179F;&#x17B6;&#x1796;&#x17B8;&#x1794;&#x179A;&#x17B6;&#x179F;&#x17B7;&#x178F;&#x1780;&#x17D2;&#x1793;&#x17BB;&#x1784;&#x1780;&#x17D2;&#x179A;&#x1796;&#x17C1;&#x17C7;&#x1796;&#x17C4;&#x17C7;&#x179C;&#x17C0;&#x1793;&#x1782;&#x17C4; &#x1793;&#x17C5;&#x179F;&#x17D2;&#x179A;&#x17BB;&#x1780;&#x1780;&#x178E;&#x17D2;&#x178A;&#x17B6;&#x179B;&#x179F;&#x17D2;&#x1791;&#x17B9;&#x1784; &#x1781;&#x17C1;&#x178F;&#x17D2;&#x178F;&#x1780;&#x178E;&#x17D2;&#x178A;&#x17B6;&#x179B;)</subfield>
  </datafield>
  <datafield tag="260" ind1=" " ind2=" ">
    <subfield code="a">phnom penh </subfield>
    <subfield code="b">rua </subfield>
    <subfield code="c">2010</subfield>
  </datafield>
  <datafield tag="300" ind1=" " ind2=" ">
    <subfield code="a">viii, 44p.</subfield>
    <subfield code="b">ill.</subfield>
    <subfield code="c">29cm.</subfield>
  </datafield>
  <datafield tag="942" ind1=" " ind2=" ">
    <subfield code="2">ddc</subfield>
    <subfield code="c">AVM</subfield>
  </datafield>
  <datafield tag="999" ind1=" " ind2=" ">
    <subfield code="c">2440</subfield>
    <subfield code="d">2440</subfield>
  </datafield>
  <datafield tag="952" ind1=" " ind2=" ">
    <subfield code="0">0</subfield>
    <subfield code="1">0</subfield>
    <subfield code="2">ddc</subfield>
    <subfield code="4">0</subfield>
    <subfield code="6">AVM_LON_2010_000000000000000_B095_OR_1</subfield>
    <subfield code="7">0</subfield>
    <subfield code="9">10953</subfield>
    <subfield code="a">LBB</subfield>
    <subfield code="b">LBB</subfield>
    <subfield code="c">B095</subfield>
    <subfield code="d">2015-10-21</subfield>
    <subfield code="l">4</subfield>
    <subfield code="o">AVM LON 2010 B095 Or.1</subfield>
    <subfield code="p">RUA027123</subfield>
    <subfield code="r">2025-02-14</subfield>
    <subfield code="s">2025-01-31</subfield>
    <subfield code="w">2015-10-21</subfield>
    <subfield code="y">AVM</subfield>
  </datafield>
  <datafield tag="952" ind1=" " ind2=" ">
    <subfield code="0">0</subfield>
    <subfield code="1">0</subfield>
    <subfield code="2">ddc</subfield>
    <subfield code="4">0</subfield>
    <subfield code="6">AVM_LON_2010_000000000000000_B095_OR_2</subfield>
    <subfield code="7">0</subfield>
    <subfield code="9">10954</subfield>
    <subfield code="a">LBB</subfield>
    <subfield code="b">LBB</subfield>
    <subfield code="c">B095</subfield>
    <subfield code="d">2015-10-21</subfield>
    <subfield code="l">4</subfield>
    <subfield code="o">AVM LON 2010 B095 Or.2</subfield>
    <subfield code="p">RUA019129</subfield>
    <subfield code="r">2025-08-01</subfield>
    <subfield code="s">2024-12-20</subfield>
    <subfield code="w">2015-10-21</subfield>
    <subfield code="y">AVM</subfield>
  </datafield>
  <datafield tag="952" ind1=" " ind2=" ">
    <subfield code="0">0</subfield>
    <subfield code="1">0</subfield>
    <subfield code="2">ddc</subfield>
    <subfield code="4">0</subfield>
    <subfield code="6">AVM_LON_2010_000000000000000_B095_OR_3</subfield>
    <subfield code="7">0</subfield>
    <subfield code="9">10955</subfield>
    <subfield code="a">LBB</subfield>
    <subfield code="b">LBB</subfield>
    <subfield code="c">B095</subfield>
    <subfield code="d">2015-10-21</subfield>
    <subfield code="l">6</subfield>
    <subfield code="m">2</subfield>
    <subfield code="o">AVM LON 2010 B095 Or.3</subfield>
    <subfield code="p">RUA019057</subfield>
    <subfield code="r">2016-09-23</subfield>
    <subfield code="s">2016-09-12</subfield>
    <subfield code="w">2015-10-21</subfield>
    <subfield code="y">AVM</subfield>
  </datafield>
  <datafield tag="952" ind1=" " ind2=" ">
    <subfield code="0">0</subfield>
    <subfield code="1">0</subfield>
    <subfield code="2">ddc</subfield>
    <subfield code="4">0</subfield>
    <subfield code="6">AVM_LON_2010_000000000000000_B095_OR_4</subfield>
    <subfield code="7">0</subfield>
    <subfield code="9">36875</subfield>
    <subfield code="a">LBB</subfield>
    <subfield code="b">LBB</subfield>
    <subfield code="c">B095</subfield>
    <subfield code="d">2016-02-02</subfield>
    <subfield code="l">3</subfield>
    <subfield code="o">AVM LON 2010 B095 Or.4</subfield>
    <subfield code="p">rua052004</subfield>
    <subfield code="r">2025-04-21</subfield>
    <subfield code="s">2025-03-03</subfield>
    <subfield code="w">2016-02-02</subfield>
    <subfield code="y">AVM</subfield>
  </datafield>
  <datafield tag="952" ind1=" " ind2=" ">
    <subfield code="0">0</subfield>
    <subfield code="1">0</subfield>
    <subfield code="2">ddc</subfield>
    <subfield code="4">0</subfield>
    <subfield code="6">AVM_LON_2010_000000000000000_B095_OR_5</subfield>
    <subfield code="7">0</subfield>
    <subfield code="9">45737</subfield>
    <subfield code="a">LBB</subfield>
    <subfield code="b">LBB</subfield>
    <subfield code="d">2016-05-25</subfield>
    <subfield code="l">2</subfield>
    <subfield code="o">AVM LON 2010 B095 Or.5</subfield>
    <subfield code="p">RUA058241</subfield>
    <subfield code="r">2017-08-12</subfield>
    <subfield code="s">2017-01-17</subfield>
    <subfield code="w">2016-05-25</subfield>
    <subfield code="y">AVM</subfield>
  </datafield>
</record>
